00679 2200241 4500001002100000005001500021035002000036007000300056008004100059020002200100082001200122084001800134100002500152245004200177260005400219300004500273650001500318700001700333700002700350990002000377990002000397990002000417INLIS00000000000305420260602060237 a0010-0626000005ta260602 f 0 ind  a978-602-386-122-4 a636.085 a636.085 TRI p1 aTriatmojo, Suharjono1 aPenanganan Limbah Industri Peternakan aYogyakarta :bGadjah Mada University Press,c2021 axiv + 192 hlm. :bilus. ;c15,5 x 23 cm. 4aPeternakan0 aYuny Erwanto0 aNanung Agus Fitriyanto a20260609.02.007 a20260609.02.008 a20260609.02.009